000 00380 a2200157 4500
001 74885
020 _a9788535707748
040 _cAnchieta - Colégio São Paulo
100 _aMartinlelli, Tânia Alexandre
240 1 0 _aPrincesas são diferentes
_lpor
245 1 0 _aPrincesas são diferentes
300 _a74
362 0 _a2007
650 4 _aLiteratura infantil
942 _cBK
999 _c74885
_d74885